00618cam a22002171 4500001001300000003000400013005001700017008004100034010001700075035002000092040001800112042001200130050001900142100003100161245001900192260001100211300003700222500001500259600010900274999001700383sa 67007390 DLC20260227112415.0890505s1960 np ch 000 0 nepo  asa 67007390  a(OCoLC)19660263 aDLCcWaUdDLC apremarc00aPK2598.G53bR31 aGhimire, Mādhava,d1919-10aRājesvarī. c[1960] a3, 68 p.bfacsim., port.c19 cm. aIn Nepali.10aRajarajesvari, Rani,cconsort of Rana Bahadur Shah, Majarajadhiraja of Nepal,dactive 1785-1806vPoetry. c76550d76550